Whats in the red bag?
| Main Author: | |
|---|---|
| Other Authors: | |
| Format: | Book |
| Published: |
London :
Hamish Hamilton ,
1988
|
| Series: | Gazelle Books
|
| Subjects: |
MARC
| LEADER | 00000cam a2200000 7i4500 | ||
|---|---|---|---|
| 001 | 0000001373 | ||
| 002 | 000001512 | ||
| 005 | 20000330.0 | ||
| 020 | |a 0241122945 | ||
| 090 | 0 | 0 | |a JF |b WIG |
| 100 | 1 | |a Wignell, Edel | |
| 245 | 1 | 0 | |a Whats in the red bag? |c Edel Wignell ; illustratedby Kate Rogers |
| 260 | |a London : |b Hamish Hamilton , |c 1988 | ||
| 300 | |a 40p. : |b ill. ; |c 19cm. | ||
| 490 | 0 | |a Gazelle Books | |
| 650 | 0 | 0 | |a Children's stories |
| 700 | 1 | |a Rogers, Kate , |e illustrated by | |
| 999 | |a 063062 |b BUKU |c PINJAMAN |e PERPUSTAKAAN KOMUNITI PETALING JAYA | ||